Osudy dobrého vojáka Švejka za světové války. Díl 2., Na frontě /

Main Author: Hašek, Jaroslav, 1883-1923
Language: Czech
Published: Brno : Tribun, 2007
Edition: Vyd. 1.
Series: Knihovnicka.cz
Subjects:
Physical Description: 180 s. ; 21 cm
Book
Saved in:
LEADER 01458nam a2200445 a 4500
001 nkc20071757879
003 CZ PrNK
005 20130424084940.0
007 ta
008 071022s2007 xr g 000 f cze
015 |a cnb001757879 
020 |a 978-80-87139-43-1  |q (brož.) 
035 |a (OCoLC)190753632 
040 |a ABA001  |b cze  |d OLA001 
045 |a x1x1 
072 7 |a 821.162.3-3  |x Česká próza  |2 Konspekt  |9 25 
080 |a 821.162.3-31  |2 MRF 
080 |a 94(100)"1914/1918"  |2 MRF 
080 |a (0:82-311.5)  |2 MRF 
100 1 |a Hašek, Jaroslav,  |d 1883-1923  |7 jk01040097  |4 aut 
245 1 0 |a Osudy dobrého vojáka Švejka za světové války.  |n Díl 2.,  |p Na frontě /  |c Jaroslav Hašek 
246 3 0 |a Na frontě 
246 1 4 |a Osudy dobrého vojáka Švejka.  |p Na frontě 
250 |a Vyd. 1. 
260 |a Brno :  |b Tribun,  |c 2007 
300 |a 180 s. ;  |c 21 cm 
490 1 |a Knihovnicka.cz 
650 0 7 |a první světová válka (1914-1918)  |7 ph126327  |2 czenas 
650 0 9 |a World War, 1914-1918  |2 eczenas 
655 7 |a české romány  |7 fd133974  |2 czenas 
655 7 |a humoristické romány  |7 fd132431  |2 czenas 
655 9 |a Czech fiction  |2 eczenas 
655 9 |a humorous novels  |2 eczenas 
830 0 |a Knihovnicka.cz  |0 s 
910 2 |a BOA001  |b 2-1193.162,2 
928 9 |a Tribun EU 
990 |a BK 
995 |a 01 
991 |b 200710 
996 6 |b 2610322992  |c 2-1193.162,2  |l MZK  |r Sklad / do 1 hodiny  |n 0  |p p.v.  |w 000869947  |u 000010  |a 1  |e BOA001  |j MZK50  |s P